Time management : A guide to effective & productive time managment
| Main Author: | |
|---|---|
| Format: | Book |
| Published: |
Petaling Jaya, Selangor :
Pelanduk Pub. ,
1991
|
| Subjects: |
MARC
| LEADER | 00000cam a2200000 7i4500 | ||
|---|---|---|---|
| 001 | 0000000831 | ||
| 005 | 20001012.0 | ||
| 020 | 0 | 0 | |a 9679781941 |
| 090 | 0 | 0 | |a 658.4903 |b TAY 1991 |
| 100 | 1 | 0 | |a TAYLOR |h Harold L. |
| 245 | 1 | 0 | |a Time management : |b A guide to effective & productive time managment |c Harold L. Taylor |
| 260 | 0 | 0 | |a Petaling Jaya, Selangor : |b Pelanduk Pub. , |c 1991 |
| 300 | |a 160 p. : |b ill. ; |c 22 cm. | ||
| 650 | 0 | 0 | |a Executives |x Time management |
| 650 | 0 | 0 | |a Time management |
| 999 | |a 0000000151 |b Monograph |c Open Shelf |e Default branch | ||